[Event "Catalunya-chT Gp2"]
[Site "Barcelona"]
[Date "2023.02.18"]
[Round "5.9"]
[White "Bautista Sanchez, Joan"]
[Black "Fernandez Climent, Albert"]
[Result "1/2-1/2"]
[WhiteElo "2090"]
[BlackElo "1959"]
[PlyCount "100"]
[EventDate "2023.01.21"]
[EventType "team-tourn"]
[EventRounds "7"]
[EventCountry "ESP"]
[SourceTitle "CBM 213 Extra"]
[Source "ChessBase"]
[SourceDate "2023.05.31"]
[SourceVersion "1"]
[SourceVersionDate "2023.05.31"]
[SourceQuality "1"]
[WhiteTeam "Sant Andreu"]
[BlackTeam "Cerdanyola Valles"]
[WhiteTeamCountry "ESP"]
[BlackTeamCountry "ESP"]

1. Nf3 c5 2. c4 Nf6 3. Nc3 d6 4. g3 g6 5. Bg2 Bg7 6. d4 cxd4 7. Nxd4 0-0 8. 0-0 Nc6 9. e3 Bg4 10. Qa4 Bd7 11. Nxc6 Bxc6 12. Bxc6 bxc6 13. Qxc6 Nd7 14. Bd2 Ne5 15. Qe4 Qc8 16. Nd5 Re8 17. b3 f5 18. Qg2 e6 19. Nc3 Rd8 20. f4 Nd3 21. Qe2 Nc5 22. Rac1 Qb7 23. Rfd1 Rac8 24. Be1 a6 25. Qg2 Qb6 26. Kh1 Rd7 27. Bf2 Qb4 28. Be1 Qb6 29. Qf3 Rdc7 30. Ne2 Ne4 31. Nc3 Nc5 32. Kg2 h6 33. h3 Kh7 34. g4 Bf6 35. h4 fxg4 36. Qxg4 Rc6 37. Qf3 Qc7 38. e4 Qe7 39. Kh3 g5 40. e5 dxe5 41. fxg5 hxg5 42. Ne4 Nxe4 43. Qxe4+ Kg7 44. h5 Qf7 45. Kg4 Rh8 46. Rd7 Qxd7 47. Qg6+ Kf8 48. Qxf6+ Kg8 49. Qg6+ Qg7 50. Qe8+ Qf8 1/2-1/2

[Event "Catalunya-chT Gp2"]
[Site "Barcelona"]
[Date "2020.02.08"]
[Round "4.8"]
[White "Valls Marti, Artur"]
[Black "Bautista Sanchez, Joan"]
[Result "1/2-1/2"]
[WhiteElo "2184"]
[BlackElo "2097"]
[PlyCount "90"]
[EventDate "2020.01.18"]
[EventType "team-tourn"]
[EventRounds "7"]
[EventCountry "ESP"]
[SourceTitle "CBM 194 Extra"]
[Source "ChessBase"]
[SourceDate "2020.03.31"]
[SourceVersion "1"]
[SourceVersionDate "2020.03.31"]
[SourceQuality "1"]
[WhiteTeam "Colon Ateneu"]
[BlackTeam "Sant Andreu"]
[WhiteTeamCountry "ESP"]
[BlackTeamCountry "ESP"]

1. e4 c6 2. d4 d5 3. Nc3 dxe4 4. Nxe4 Nd7 5. Bd3 Ngf6 6. Ng5 e6 7. Qe2 Bd6 8. N1f3 h6 9. Ne4 Nxe4 10. Qxe4 Nf6 11. Qh4 Ke7 12. Ne5 Bxe5 13. dxe5 Qa5+ 14. c3 Qxe5+ 15. Be3 Rd8 16. 0-0-0 Qa5 17. Kb1 b6 18. g4 Ba6 19. Bxa6 Qxa6 20. g5 hxg5 21. Qxg5 Qe2 22. Rxd8 Rxd8 23. Qxg7 Rd1+ 24. Rxd1 Qxd1+ 25. Bc1 Qd3+ 26. Ka1 Qc2 27. Qg5 Qxf2 28. h4 Qf3 29. a3 Qg4 30. Qh6 Qh5 31. Qf4 Nd5 32. Qg3 Kd7 33. c4 Qd1 34. Qg5 Nf6 35. Qf4 Ke7 36. Ka2 Qg4 37. Qc7+ Nd7 38. Qxc6 Qxh4 39. Bd2 Qd4 40. Bb4+ Nc5 41. Qc7+ Ke8 42. Qb8+ Kd7 43. Qxa7+ Kc6 44. Qa8+ Kc7 45. Qa7+ Kc6 1/2-1/2

[Event "Catalunya-chT Gp2"]
[Site "Barcelona"]
[Date "2018.02.10"]
[Round "4.8"]
[White "Carrasco Holgado, David"]
[Black "Bautista Sanchez, Joan"]
[Result "1/2-1/2"]
[WhiteElo "2058"]
[BlackElo "2082"]
[PlyCount "107"]
[EventDate "2018.01.20"]
[EventType "team-tourn"]
[EventRounds "7"]
[EventCountry "ESP"]
[SourceTitle "CBM 182 Extra"]
[Source "ChessBase"]
[SourceDate "2018.02.23"]
[SourceVersion "1"]
[SourceVersionDate "2018.02.23"]
[SourceQuality "1"]
[WhiteTeam "Gerunda"]
[BlackTeam "Sant Andreu"]
[WhiteTeamCountry "ESP"]
[BlackTeamCountry "ESP"]

1. e4 c6 2. Nf3 d5 3. Nc3 Bg4 4. d4 e6 5. Be2 Bb4 6. e5 c5 7. 0-0 Nc6 8. Nb5 cxd4 9. Nbxd4 Bxf3 10. Nxf3 Qc7 11. c3 Bc5 12. Bb5 Nge7 13. Bf4 0-0 14. Qe2 Ng6 15. Bg3 Rfd8 16. h4 h6 17. Bd3 Nf8 18. Rfe1 a5 19. Nd2 Qb6 20. Rab1 Rd7 21. Qg4 Kh8 22. h5 Be7 23. Bf4 Qd8 24. Re3 f5 25. exf6 Bxf6 26. Rg3 Ne5 27. Bxe5 Bxe5 28. f4 Bf6 29. Nf3 Rf7 30. Kh1 Qc7 31. Re1 a4 32. Ne5 Bxe5 33. Rxe5 Rf6 34. Rge3 a3 35. b3 Qxc3 36. f5 exf5 37. Bxf5 Qc1+ 38. Kh2 Qc7 39. Kh3 Rf7 40. Rxd5 Ra5 41. Qe4 Rxd5 42. Qxd5 Rf6 43. Qe4 Qf7 44. g4 g6 45. hxg6 Nxg6 46. Qd4 Kg7 47. Bxg6 Kxg6 48. Qe4+ Kg7 49. Rd3 Qc7 50. Qd4 Qf4 51. Qxf4 Rxf4 52. Rd7+ Kg6 53. Kg3 Rb4 54. Rd5 1/2-1/2

[Event "EU-ch Seniors 65 17th"]
[Site "Sabadell"]
[Date "2017.08.20"]
[Round "9"]
[White "Malmdin, Nils Ake"]
[Black "Bautista Sanchez, Joan"]
[Result "1-0"]
[WhiteElo "2226"]
[BlackElo "2143"]
[PlyCount "111"]
[EventDate "2017.08.12"]
[EventType "swiss"]
[EventRounds "9"]
[EventCountry "ESP"]
[SourceTitle "CBM 180 Extra"]
[Source "ChessBase"]
[SourceDate "2017.10.06"]
[SourceVersion "1"]
[SourceVersionDate "2017.10.06"]
[SourceQuality "1"]

1. e4 c6 2. d4 d5 3. e5 Bf5 4. Nf3 e6 5. Be2 Nd7 6. 0-0 Ne7 7. Nbd2 a6 8. c4 Bg6 9. Nh4 Nf5 10. Nxf5 Bxf5 11. g4 Bg6 12. f4 h5 13. f5 exf5 14. gxf5 Qg5+ 15. Kh1 Bxf5 16. Nf3 Qg4 17. Ng5 Be4+ 18. Nxe4 Qxe4+ 19. Bf3 Qh4 20. cxd5 c5 21. d6 Qxd4 22. Bxb7 Qxd1 23. Rxd1 Rb8 24. Bc6 Rb6 25. Ba4 Rb4 26. b3 Re4 27. Bb2 Re2 28. Bc3 Rh6 29. Re1 Rxe1+ 30. Rxe1 Re6 31. Bc6 f6 32. Bd5 Rxe5 33. Bxe5 Nxe5 34. Re4 Kd7 35. Ra4 Kxd6 36. Be4 Ng4 37. Rxa6+ Ke5 38. Bf3 g5 39. Bxg4 hxg4 40. Rc6 Bd6 41. a4 Ke6 42. Rc8 Kd7 43. Rh8 Kc6 44. h4 gxh3 45. Rxh3 Be5 46. Rh8 Kb6 47. Kg2 g4 48. Rg8 g3 49. Kf3 Ka5 50. Ke4 Kb4 51. Kd5 Bc7 52. Kc6 Be5 53. a5 Kxa5 54. Kxc5 Ka6 55. Kc6 Ka5 56. Rg4 1-0

[Event "Catalunya-ch Seniors"]
[Site "Vila Seca"]
[Date "2017.05.25"]
[Round "6"]
[White "Bautista Sanchez, Joan"]
[Black "Lazaro Porta, Angel"]
[Result "1/2-1/2"]
[WhiteElo "2127"]
[BlackElo "1909"]
[PlyCount "50"]
[EventDate "2017.05.20"]
[EventType "swiss"]
[EventRounds "9"]
[EventCountry "ESP"]
[SourceTitle "CBM 178 Extra"]
[Source "ChessBase"]
[SourceDate "2017.06.22"]
[SourceVersion "1"]
[SourceVersionDate "2017.06.22"]
[SourceQuality "1"]

1. Nf3 d6 2. g3 g6 3. c4 Bg7 4. Nc3 Nf6 5. Bg2 0-0 6. 0-0 Re8 7. d3 c6 8. Qc2 Na6 9. a3 Nc7 10. Qd1 Bd7 11. h3 Qc8 12. Kh2 Rb8 13. Be3 b6 14. Qd2 e5 15. Bh6 Bh8 16. Rfc1 Qd8 17. Bg5 Ne6 18. Ne4 Nxg5 19. Nfxg5 Qe7 20. Nxf6+ Bxf6 21. Ne4 Bg7 22. Nc3 f5 23. e3 h5 24. d4 h4 25. d5 c5 1/2-1/2

[Event "Catalunya-ch Seniors"]
[Site "Vila Seca"]
[Date "2016.05.24"]
[Round "4"]
[White "Dominguez Rueda, Juan"]
[Black "Bautista Sanchez, Joan"]
[Result "1-0"]
[WhiteElo "2051"]
[BlackElo "2186"]
[PlyCount "73"]
[EventDate "2016.05.21"]
[EventType "swiss"]
[EventRounds "9"]
[EventCountry "ESP"]
[SourceTitle "CBM 172 Extra"]
[Source "ChessBase"]
[SourceDate "2016.06.21"]
[SourceVersion "1"]
[SourceVersionDate "2016.06.21"]
[SourceQuality "1"]

1. e4 c6 2. Nc3 d5 3. Nf3 dxe4 4. Nxe4 Nd7 5. d4 Ngf6 6. Ng3 e6 7. Bd3 Bd6 8. 0-0 Qc7 9. Re1 0-0 10. Qe2 c5 11. c3 b6 12. Bg5 Bb7 13. Ne5 Rae8 14. Rad1 h6 15. Bc1 cxd4 16. cxd4 Rd8 17. a3 Bd5 18. Bf4 Qb7 19. f3 Nb8 20. Bb1 Nc6 21. Kh1 Be7 22. Qc2 Rc8 23. Nh5 Rfd8 24. Nxf6+ Bxf6 25. Qh7+ Kf8 26. Ng4 Ke7 27. Nxf6 Kxf6 28. Be5+ Nxe5 29. dxe5+ Ke7 30. Qxg7 Rg8 31. Qf6+ Ke8 32. Be4 Bxe4 33. Rxe4 Rg6 34. Qf4 Rc2 35. Red4 Rcxg2 36. Rd8+ Ke7 37. Qb4# 1-0

[Event "Catalunya-chT Gp2"]
[Site "Barcelona"]
[Date "2016.03.05"]
[Round "7.1"]
[White "Montilla Carrillo, Esteban"]
[Black "Bautista Sanchez, Joan"]
[Result "0-1"]
[WhiteElo "2204"]
[BlackElo "2176"]
[PlyCount "50"]
[EventDate "2016.01.23"]
[EventType "team-tourn"]
[EventRounds "7"]
[EventCountry "ESP"]
[SourceTitle "EXT 2017"]
[Source "ChessBase"]
[SourceDate "2016.10.25"]
[SourceVersion "1"]
[SourceVersionDate "2016.10.25"]
[SourceQuality "1"]
[WhiteTeam "Mollet"]
[BlackTeam "Sant Andreu"]
[WhiteTeamCountry "ESP"]
[BlackTeamCountry "ESP"]

1. e4 c6 2. d4 d5 3. e5 Bf5 4. Bd3 Bxd3 5. Qxd3 e6 6. Ne2 Nd7 7. 0-0 Qb6 8. Nd2 Ne7 9. Ng3 c5 10. c3 cxd4 11. cxd4 Nc6 12. Nf3 Be7 13. a3 0-0 14. b4 a6 15. Re1 Rfc8 16. Bg5 Qb5 17. Qe3 Bf8 18. Nh5 Ne7 19. Bxe7 Bxe7 20. Qf4 Qd3 21. h4 Rc4 22. Rad1 Qg6 23. Ng3 h5 24. Rd3 Qxd3 25. Nxh5 Qf5 0-1

[Event "Catalunya-chT Gp2"]
[Site "Barcelona"]
[Date "2016.02.27"]
[Round "6.1"]
[White "Bautista Sanchez, Joan"]
[Black "Povill Claros, Xavier"]
[Result "1-0"]
[WhiteElo "2176"]
[BlackElo "2116"]
[PlyCount "107"]
[EventDate "2016.01.23"]
[EventType "team-tourn"]
[EventRounds "7"]
[EventCountry "ESP"]
[SourceTitle "EXT 2017"]
[Source "ChessBase"]
[SourceDate "2016.10.25"]
[SourceVersion "1"]
[SourceVersionDate "2016.10.25"]
[SourceQuality "1"]
[WhiteTeam "Sant Andreu"]
[BlackTeam "Peona I Peo"]
[WhiteTeamCountry "ESP"]
[BlackTeamCountry "ESP"]

1. Nf3 d5 2. c4 d4 3. b4 g5 4. Bb2 Bg7 5. d3 g4 6. Nfd2 e5 7. g3 Ne7 8. Bg2 c6 9. Nb3 h5 10. N1d2 h4 11. Rg1 Qd6 12. a3 f5 13. Qc2 b6 14. 0-0-0 Be6 15. Kb1 Nd7 16. Rc1 Qc7 17. b5 Rb8 18. bxc6 Nxc6 19. Bd5 Nd8 20. e3 hxg3 21. hxg3 dxe3 22. fxe3 Bxd5 23. cxd5 Qxc2+ 24. Rxc2 Bf8 25. Nc4 Nf7 26. Rf2 Rh5 27. Rgf1 b5 28. Nca5 Nh6 29. Nc6 Ra8 30. Nxe5 Nxe5 31. Bxe5 Bxa3 32. Nd4 Be7 33. Nxb5 Kf7 34. Nd4 Kg6 35. Ne6 Bg5 36. Bf4 Be7 37. d6 Bf6 38. Bxh6 Rb8+ 39. Ka2 Rxh6 40. Rxf5 Rh2+ 41. R5f2 Rb2+ 42. Rxb2 Rxb2+ 43. Ka3 Rd2 44. Kb4 Kf7 45. Ng5+ Kg7 46. Rxf6 Rxd3 47. Re6 a5+ 48. Kxa5 Rd5+ 49. Kb6 Rxg5 50. d7 Rd5 51. Kc6 Rd1 52. Rd6 Rc1+ 53. Kd5 Rd1+ 54. Ke6 1-0

[Event "Catalunya-ch Seniors 31st"]
[Site "Santa Susanna"]
[Date "2015.05.30"]
[Round "8"]
[White "Bautista Sanchez, Joan"]
[Black "Colom Andres, Xavier"]
[Result "0-1"]
[WhiteElo "2302"]
[BlackElo "2058"]
[PlyCount "114"]
[EventDate "2015.05.23"]
[EventType "swiss"]
[EventRounds "9"]
[EventCountry "CAT"]
[SourceTitle "CBM 166 Extra"]
[Source "ChessBase"]
[SourceDate "2015.06.18"]
[SourceVersion "1"]
[SourceVersionDate "2015.06.18"]
[SourceQuality "1"]

1. Nf3 d5 2. d4 c6 3. e3 Bf5 4. Bd3 Bg6 5. h4 Nf6 6. Ne5 Nbd7 7. Nd2 Bh5 8. Be2 Bxe2 9. Qxe2 Nxe5 10. dxe5 Nd7 11. e6 fxe6 12. Qh5+ g6 13. Qg4 Nf6 14. Qxe6 Qd7 15. Qxd7+ Kxd7 16. b3 Bg7 17. Bb2 Nh5 18. 0-0-0 Rhf8 19. g4 Bxb2+ 20. Kxb2 Ng7 21. f3 Kc7 22. Rde1 e5 23. Rh3 Ne6 24. g5 Ng7 25. Rg3 Rae8 26. Kc3 b5 27. b4 Rf7 28. Kd3 Kd6 29. c3 Ref8 30. Ke2 Ra8 31. Nb3 Nh5 32. Rgg1 Rd8 33. Rd1 Rdf8 34. Rdf1 Re8 35. Kf2 Ree7 36. a4 a6 37. Nc5 Ra7 38. a5 Ng7 39. Rd1 Ne6 40. Ne4+ Ke7 41. Nf6 Kd6 42. Ne4+ Ke7 43. Nf6 Kd6 44. e4 Nf4 45. Rh1 h6 46. exd5 cxd5 47. Rd2 hxg5 48. hxg5 Ke6 49. Ng4 Rac7 50. Re1 Rf5 51. Rd4 Rxc3 52. Nxe5 Rc2+ 53. Kf1 Nh3 54. Nd3+ Kd6 55. f4 Nxg5 56. Re2 Rxe2 57. Kxe2 Ne4 0-1

[Event "Catalunya-ch Seniors 31st"]
[Site "Santa Susanna"]
[Date "2015.05.29"]
[Round "7"]
[White "Tejero Royo, Fermin"]
[Black "Bautista Sanchez, Joan"]
[Result "0-1"]
[WhiteElo "2202"]
[BlackElo "2302"]
[PlyCount "68"]
[EventDate "2015.05.23"]
[EventType "swiss"]
[EventRounds "9"]
[EventCountry "CAT"]
[SourceTitle "CBM 166 Extra"]
[Source "ChessBase"]
[SourceDate "2015.06.18"]
[SourceVersion "1"]
[SourceVersionDate "2015.06.18"]
[SourceQuality "1"]

1. d4 c6 2. Nf3 Nf6 3. g3 g6 4. Bg2 Bg7 5. 0-0 0-0 6. c4 d5 7. Nc3 a6 8. a4 Nbd7 9. cxd5 cxd5 10. b4 e6 11. Qb3 b6 12. Ne5 Bb7 13. f4 Rc8 14. Ba3 Re8 15. Rfc1 Bf8 16. Ra2 Ne4 17. Nxe4 Rxc1+ 18. Bxc1 dxe4 19. Rd2 Qc7 20. Rc2 Qd6 21. Nxd7 Qxd4+ 22. Be3 Qxd7 23. Rd2 Qc7 24. Bd4 Bg7 25. Qe3 Qc1+ 26. Kf2 Rd8 27. Bc3 Rxd2 28. Bxd2 Qb2 29. Bc1 Qxb4 30. Qa3 Qxa3 31. Bxa3 Bc6 32. a5 bxa5 33. Ke3 f5 34. Bc5 Bb5 0-1

[Event "Catalunya-chT GpA final"]
[Site "Barcelona"]
[Date "2015.03.14"]
[Round "8.1"]
[White "Moyano Morales, Francisco Javier"]
[Black "Bautista Sanchez, Joan"]
[Result "1-0"]
[WhiteElo "2229"]
[BlackElo "2182"]
[PlyCount "167"]
[EventDate "2015.03.14"]
[EventType "team-tourn"]
[EventRounds "11"]
[EventCountry "ESP"]
[SourceTitle "EXT 2016"]
[Source "ChessBase"]
[SourceDate "2015.10.08"]
[SourceVersion "1"]
[SourceVersionDate "2015.10.08"]
[SourceQuality "1"]
[WhiteTeam "Barcelona Escola Escacs"]
[BlackTeam "Sant Andreu"]
[WhiteTeamCountry "ESP"]
[BlackTeamCountry "ESP"]

1. d4 c6 2. e4 d5 3. Nc3 dxe4 4. Nxe4 Nd7 5. Bd3 Ngf6 6. Ne2 Nxe4 7. Bxe4 Nf6 8. Bf3 Bg4 9. Bxg4 Nxg4 10. 0-0 e6 11. Nf4 Nf6 12. c3 Bd6 13. b4 Qc7 14. g3 0-0 15. Nd3 a5 16. bxa5 Rxa5 17. c4 b6 18. Qc2 c5 19. dxc5 bxc5 20. Bb2 Rfa8 21. a3 Qc6 22. Rfe1 Qa4 23. Qc1 Bf8 24. h4 Rd8 25. Ne5 Ra6 26. g4 Nd7 27. h5 Rd6 28. h6 f6 29. hxg7 Bxg7 30. Nxd7 R8xd7 31. Qf4 e5 32. Qe4 Qb3 33. Rab1 Qd3 34. Qxd3 Rxd3 35. Ra1 Rb7 36. Re2 Bh6 37. a4 Rdb3 38. Ra2 R3b4 39. Rc2 Ra7 40. a5 Bf8 41. Kg2 Kf7 42. Bc1 Ra6 43. Bd2 Rb7 44. Rab2 Rba7 45. Rb5 Be7 46. Kf3 Ke6 47. Ke4 Bd6 48. Rcb2 Bc7 49. Rxc5 Bxa5 50. Bxa5 Rxa5 51. Rb6+ Kf7 52. Rcc6 Kg7 53. Rxf6 Rc7 54. Rfc6 Rf7 55. Rb5 Ra2 56. Rxe5 Raxf2 57. Rg5+ Kf8 58. Rc8+ Ke7 59. Rc7+ Kd8 60. Rxf7 Rxf7 61. Ra5 Kc8 62. g5 Kb7 63. Rf5 Rd7 64. Rf6 Rg7 65. Rf5 Kc6 66. Kf4 Re7 67. Kg4 Re4+ 68. Rf4 Re7 69. Kh5 Kc5 70. Kh6 Rd7 71. Rf8 Kxc4 72. Rh8 Kd5 73. Rxh7 Rd8 74. Re7 Rh8+ 75. Kg7 Rh1 76. g6 Kd6 77. Re2 Kd7 78. Kg8 Rh3 79. Re4 Rh1 80. g7 Kd8 81. Kf7 Rf1+ 82. Kg6 Rg1+ 83. Kf6 Kd7 84. Re5 1-0